[Event "FIDE World Blitz-ch Women 2018"]
[Site "St. Petersburg"]
[Date "2018.12.29"]
[Round "5.22"]
[White "Voit, Daria"]
[Black "Maltsevskaya, Aleksandra"]
[Result "1-0"]
[WhiteElo "2358"]
[BlackElo "2243"]
[Annotator "NA"]
[PlyCount "99"]
[EventDate "2018.12.19"]
[EventType "swiss"]
[EventCountry "RUS"]
[SourceTitle "playchess.com"]
[Source "ChessBase"]
[SourceQuality "1"]

1. Nf3 Nf6 2. c4 g6 3. d4 Bg7 4. Nc3 O-O 5. Bg5 d6 6. e3 c6 7. Be2 a6 8. a4 a5 9. h3 Na6 10. O-O Nb4 11. Qb3 Qc7 12. Rac1 h6 13. Bh4 Bf5 14. Rfd1 Rfe8 15. Na2 Nxa2 16. Qxa2 c5 17. dxc5 Qxc5 18. Nd4 Bd7 19. Qb3 Qb4 20. Qxb4 axb4 21. b3 Ne4 22. Bf3 Nc5 23. Rb1 Rac8 24. Bg3 b6 25. Be2 Ne4 26. Rbc1 Nc5 27. Rb1 Ne4 28. Rb2 Nc3 29. Rdd2 e5 30. Nc2 Ne4 31. Rd3 Nc3 32. Nxb4 e4 33. Rxd6 Be6 34. Rc2 Red8 35. Rxd8+ Rxd8 36. Nc6 Ra8 37. Nd4 Nb1 38. Bd6 Bd7 39. Bb4 Bxd4 40. exd4 f5 41. Rb2 Na3 42. Bxa3 f4 43. c5 bxc5 44. Bxc5 Bc6 45. Bc4+ Kg7 46. d5 Bd7 47. Bd4+ Kf8 48. Ra2 f3 49. a5 g5 50. a6 1-0

[Event "FIDE World Blitz-ch Women 2018"]
[Site "St. Petersburg"]
[Date "2018.12.29"]
[Round "5.23"]
[White "Dzagnidze, Nana"]
[Black "Munkhzul, Turmunkh"]
[Result "1-0"]
[WhiteElo "2513"]
[BlackElo "2255"]
[Annotator "ChessBase"]
[PlyCount "49"]
[EventDate "2018.12.19"]
[EventType "swiss"]
[EventCountry "RUS"]
[SourceTitle "playchess.com"]
[Source "ChessBase"]
[SourceQuality "1"]

1. c4 Nf6 2. Nf3 g6 3. b3 Bg7 4. Bb2 O-O 5. g3 d6 6. Bg2 e5 7. Nc3 Nc6 8. O-O Bf5 9. Nd5 Nxd5 10. cxd5 Ne7 11. d3 Qd7 12. Rc1 Rac8 13. e4 Bh3 14. d4 Bxg2 15. Kxg2 exd4 16. Bxd4 Bxd4 17. Qxd4 f5 18. Rfe1 fxe4 19. Rxe4 Nf5 20. Qxa7 b6 21. Rec4 Qf7 22. Rxc7 Rxc7 23. Rxc7 Qxd5 24. Qb7 Qd2 25. Nxd2 1-0

[Event "FIDE World Blitz-ch Women 2018"]
[Site "St. Petersburg"]
[Date "2018.12.29"]
[Round "5.24"]
[White "Sudakova, Irina"]
[Black "Galliamova, Alisa"]
[Result "0-1"]
[WhiteElo "2313"]
[BlackElo "2444"]
[Annotator "NA"]
[PlyCount "74"]
[EventDate "2018.12.19"]
[EventType "swiss"]
[EventCountry "RUS"]
[SourceTitle "playchess.com"]
[Source "ChessBase"]
[SourceQuality "1"]

1. e4 e5 2. Nf3 Nc6 3. Nc3 Nf6 4. g3 Bc5 5. Bg2 d6 6. O-O a6 7. d3 h6 8. Be3 O-O 9. h3 Be6 10. d4 exd4 11. Nxd4 Nxd4 12. Bxd4 Nd7 13. Kh2 Bxd4 14. Qxd4 Qf6 15. Qb4 Rab8 16. Nd5 Bxd5 17. exd5 Nc5 18. Rae1 Rfe8 19. b3 Qb2 20. Rxe8+ Rxe8 21. Re1 Rxe1 22. Qxe1 Kf8 23. b4 Nd7 24. Qe4 Qxa2 25. Qh7 Qb2 26. Qf5 Ke7 27. Qe4+ Qe5 28. Qc4 Kd8 29. f4 Qe3 30. b5 a5 31. Qa4 b6 32. Qa1 f6 33. Qd1 a4 34. Qa1 a3 35. c4 Nc5 36. Qd1 a2 37. Qa1 Qb3 0-1

[Event "FIDE World Blitz-ch Women 2018"]
[Site "St. Petersburg"]
[Date "2018.12.29"]
[Round "5.25"]
[White "Sukhareva, Evgeniya"]
[Black "Skripchenko, Almira"]
[Result "1-0"]
[WhiteElo "2126"]
[BlackElo "2408"]
[Annotator "NA"]
[PlyCount "83"]
[EventDate "2018.12.19"]
[EventType "swiss"]
[EventCountry "RUS"]
[SourceTitle "playchess.com"]
[Source "ChessBase"]
[SourceQuality "1"]

1. d4 d6 2. c4 e5 3. d5 f5 4. g3 Nf6 5. Bg2 Be7 6. Nf3 O-O 7. O-O Qe8 8. b3 Qh5 9. Ng5 h6 10. Ne6 Bxe6 11. dxe6 c6 12. f4 e4 13. Nc3 Na6 14. e3 Qg6 15. Ne2 Nc7 16. Nd4 Rfe8 17. b4 Bf8 18. Bh3 Ng4 19. Nxf5 Qxf5 20. Bxg4 Qf6 21. Rb1 Nxe6 22. Bb2 Qf7 23. Bh5 g6 24. f5 gxh5 25. fxe6 Qxe6 26. Rf6 Qg4 27. Qf1 Re6 28. Rf4 Qg6 29. Qh3 Rae8 30. Rbf1 Bg7 31. Bxg7 Qxg7 32. Qf5 Re5 33. Qh3 Rg5 34. Kh1 d5 35. cxd5 cxd5 36. Rf6 d4 37. exd4 e3 38. Re6 Rd8 39. Rxe3 Qxd4 40. Qe6+ Kh8 41. Qxh6+ Kg8 42. Qxg5+ 1-0

[Event "FIDE World Blitz-ch Women 2018"]
[Site "St. Petersburg"]
[Date "2018.12.29"]
[Round "5.26"]
[White "Zhukova, Natalia"]
[Black "Maletina, Tatiana"]
[Result "0-1"]
[WhiteElo "2377"]
[BlackElo "2270"]
[Annotator "NA"]
[PlyCount "63"]
[EventDate "2018.12.19"]
[EventType "swiss"]
[EventCountry "RUS"]
[SourceTitle "playchess.com"]
[Source "ChessBase"]
[SourceQuality "1"]

1. c4 b6 2. Nc3 Bb7 3. e4 e6 4. Nf3 Bb4 5. Bd3 Ne7 6. O-O O-O 7. Bc2 Ng6 8. d4 Bxc3 9. bxc3 f5 10. d5 Na6 11. exf5 exf5 12. Ng5 Qf6 13. Be3 Rae8 14. Qh5 h6 15. Nh3 Ne5 16. Bd4 Qf7 17. Qe2 Ng4 18. Qd2 Nc5 19. Rae1 Ne4 20. Qf4 Nd6 21. f3 Nf6 22. Be5 Nh5 23. Qh4 Nxc4 24. Qxc4 Bxd5 25. Qxc7 Bxa2 26. Bd6 Rc8 27. Qxa7 Rfe8 28. Qxb6 Bc4 29. Rxe8+ Rxe8 30. Rd1 Qe6 31. Qd4 Qe2 32. Bb1 0-1

[Event "FIDE World Blitz-ch Women 2018"]
[Site "St. Petersburg"]
[Date "2018.12.29"]
[Round "5.27"]
[White "Paehtz, Elisabeth"]
[Black "Nomin-Erdene, Davaademberel"]
[Result "0-1"]
[WhiteElo "2487"]
[BlackElo "2376"]
[Annotator "ChessBase"]
[PlyCount "92"]
[EventDate "2018.12.19"]
[EventType "swiss"]
[EventCountry "RUS"]
[SourceTitle "playchess.com"]
[Source "ChessBase"]
[SourceQuality "1"]

1. d4 d5 2. Bf4 Nf6 3. e3 c5 4. c3 Qb6 5. Qb3 Nc6 6. Nd2 c4 7. Qc2 g6 8. e4 Qd8 9. e5 Bf5 10. Qd1 Nd7 11. Be3 h5 12. Ne2 b5 13. Nf4 e6 14. h3 b4 15. Be2 bxc3 16. bxc3 Ba3 17. O-O Bb2 18. Qa4 Bxa1 19. Rxa1 Qc7 20. g4 hxg4 21. hxg4 Nb6 22. Qd1 Bd3 23. Nxd3 cxd3 24. Bxd3 Na5 25. Bb5+ Kf8 26. Rc1 Nac4 27. Bg5 a6 28. Bxc4 Nxc4 29. Nb3 Kg8 30. Qf3 a5 31. Nc5 Nxe5 32. Qg3 Rc8 33. Bf4 f6 34. Nxe6 Qe7 35. Nc5 Nc4 36. Kg2 g5 37. Be3 Nxe3+ 38. fxe3 Rxc5 39. dxc5 Qe4+ 40. Kf2 Qd3 41. Qb8+ Kg7 42. Qc7+ Kg6 43. Re1 Rh3 44. Qd6 Qe4 45. Ke2 Qc2+ 46. Kf1 Rh1# 0-1

[Event "FIDE World Blitz-ch Women 2018"]
[Site "St. Petersburg"]
[Date "2018.12.29"]
[Round "5.28"]
[White "Javakhishvili, Lela"]
[Black "Kovanova, Baira"]
[Result "1/2-1/2"]
[WhiteElo "2464"]
[BlackElo "2352"]
[Annotator "ChessBase"]
[PlyCount "92"]
[EventDate "2018.12.19"]
[EventType "swiss"]
[EventCountry "RUS"]
[SourceTitle "playchess.com"]
[Source "ChessBase"]
[SourceQuality "1"]

1. d4 Nf6 2. c4 e6 3. Nf3 Bb4+ 4. Bd2 Bxd2+ 5. Qxd2 d6 6. Nc3 O-O 7. g3 Qe7 8. Bg2 e5 9. O-O exd4 10. Nxd4 Na6 11. Nd5 Nxd5 12. cxd5 Nc5 13. b4 Ne4 14. Qe3 Re8 15. Rac1 a5 16. Nb5 c6 17. dxc6 bxc6 18. Bxe4 d5 19. Bxd5 cxd5 20. Nc7 Be6 21. Nxe8 Qxe8 22. a3 axb4 23. axb4 h6 24. Qc5 Bh3 25. Rfe1 Qe4 26. f3 Qe5 27. b5 Ra2 28. Qf2 Rb2 29. Rb1 h5 30. b6 Rxb1 31. Rxb1 Bf5 32. Rd1 Qb2 33. e4 Qb3 34. Re1 dxe4 35. fxe4 Bh3 36. e5 h4 37. e6 fxe6 38. gxh4 Qb4 39. Rc1 Qg4+ 40. Qg3 Qd4+ 41. Qf2 Qg4+ 42. Kh1 Qe4+ 43. Kg1 Qg4+ 44. Kh1 Qe4+ 45. Kg1 Qg4+ 46. Kh1 Qe4+ 1/2-1/2

[Event "FIDE World Blitz-ch Women 2018"]
[Site "St. Petersburg"]
[Date "2018.12.29"]
[Round "5.29"]
[White "Strutinskaia, Galina"]
[Black "Badelka, Olga"]
[Result "0-1"]
[WhiteElo "2201"]
[BlackElo "2385"]
[Annotator "NA"]
[PlyCount "80"]
[EventDate "2018.12.19"]
[EventType "swiss"]
[EventCountry "RUS"]
[SourceTitle "playchess.com"]
[Source "ChessBase"]
[SourceQuality "1"]

1. d4 Nf6 2. c4 c5 3. d5 b5 4. cxb5 a6 5. bxa6 g6 6. Nc3 Bxa6 7. g3 d6 8. Bg2 Bg7 9. Nf3 Nbd7 10. O-O Nb6 11. Re1 O-O 12. e4 Nfd7 13. Qc2 Nc4 14. Bg5 h6 15. Bf4 Qa5 16. Rac1 g5 17. Be3 Nde5 18. Nxe5 Nxe5 19. Red1 Rfb8 20. b3 Qb4 21. Ne2 Bc8 22. Bd2 Qb5 23. Bc3 Qa6 24. a4 Qb7 25. Rb1 Bg4 26. h3 Bd7 27. f4 gxf4 28. gxf4 Ng6 29. Bxg7 Kxg7 30. e5 Qc8 31. Kh2 Rb4 32. Qc3 Kh7 33. exd6 exd6 34. Qf6 Qg8 35. Qxd6 Bf5 36. Rb2 Qg7 37. Rdd2 Rg8 38. Ng3 Nh4 39. Nh5 Nf3+ 40. Kh1 Qc3 0-1

[Event "FIDE World Blitz-ch Women 2018"]
[Site "St. Petersburg"]
[Date "2018.12.29"]
[Round "5.30"]
[White "Charochkina, Daria"]
[Black "Nebolsina, Vera"]
[Result "1/2-1/2"]
[WhiteElo "2344"]
[BlackElo "2242"]
[Annotator "NA"]
[PlyCount "107"]
[EventDate "2018.12.19"]
[EventType "swiss"]
[EventCountry "RUS"]
[SourceTitle "playchess.com"]
[Source "ChessBase"]
[SourceQuality "1"]

1. d4 Nf6 2. c4 g6 3. Nc3 d5 4. cxd5 Nxd5 5. g3 Bg7 6. Bg2 Nxc3 7. bxc3 O-O 8. e3 c6 9. Ne2 Nd7 10. O-O Nb6 11. a4 Nc4 12. e4 e5 13. Qd3 b5 14. d5 Bb7 15. Rd1 a6 16. h4 cxd5 17. exd5 Qd6 18. Rb1 Qd7 19. h5 f5 20. hxg6 hxg6 21. Bg5 Nd6 22. Rb4 e4 23. Qc2 Rac8 24. Be3 a5 25. Rbb1 bxa4 26. Bd4 Rf7 27. Bxg7 Rxg7 28. Nf4 Ba6 29. Ne6 Rh7 30. Qd2 Bd3 31. Qg5 Kf7 32. Nf4 Rg7 33. Rxd3 exd3 34. Nxd3 Qe7 35. Qf4 Kg8 36. Re1 Qd7 37. Re6 Ne4 38. Bxe4 fxe4 39. Qxe4 a3 40. c4 a2 41. Qe1 Qa4 42. Qa1 Qc2 43. Re3 Qb1+ 44. Re1 Rb7 45. Qf6 Qxd3 46. Qe6+ Kg7 47. Qxc8 Rb1 48. Qd7+ Kh6 49. Qh3+ Kg7 50. Qd7+ Kf8 51. Qc8+ Kg7 52. Qd7+ Kh6 53. Qh3+ Kg7 54. Qd7+ 1/2-1/2

[Event "FIDE World Blitz-ch Women 2018"]
[Site "St. Petersburg"]
[Date "2018.12.29"]
[Round "5.31"]
[White "Chernyak, Viktoria"]
[Black "Batsiashvili, Nino"]
[Result "1-0"]
[WhiteElo "2186"]
[BlackElo "2459"]
[Annotator "ChessBase"]
[PlyCount "134"]
[EventDate "2018.12.19"]
[EventType "swiss"]
[EventCountry "RUS"]
[SourceTitle "playchess.com"]
[Source "ChessBase"]
[SourceQuality "1"]

1. c4 Nf6 2. Nf3 e6 3. g3 a6 4. Bg2 b5 5. b3 Bb7 6. O-O c5 7. Bb2 Be7 8. Nc3 Qb6 9. Qc2 O-O 10. Rfe1 Nc6 11. Rac1 d5 12. cxd5 exd5 13. Nh4 Nd4 14. Qb1 b4 15. Na4 Qb5 16. Bxd4 cxd4 17. Nf5 Rfe8 18. Nxd4 Qa5 19. e3 Bf8 20. Rc2 Ne4 21. Rec1 Qd8 22. d3 Nd6 23. Nc6 Bxc6 24. Rxc6 Nb5 25. Nb6 Nc3 26. R1xc3 bxc3 27. Nxa8 Qxa8 28. Rxc3 Qd8 29. d4 Qa5 30. Qc2 h5 31. h4 g6 32. Bf3 Kg7 33. Kg2 Bb4 34. Rc7 Bd6 35. Rd7 Re6 36. a4 Rf6 37. Rb7 Qe1 38. Qe2 Qa5 39. Qc2 Bb4 40. Rd7 Bd6 41. Qe2 Re6 42. Qc2 Rf6 43. Qd3 Qe1 44. Qe2 Qa5 45. Rb7 Ba3 46. Qc2 Bd6 47. Qe2 Ba3 48. Qc2 Bd6 49. Qe2 Ba3 50. Qc2 Bd6 51. Qe2 Ba3 52. Qc2 Bd6 53. Qe2 Ba3 54. Qc2 Bd6 55. Qe2 Bb4 56. Rd7 Bd6 57. Qc2 Qe1 58. Bxd5 Bxg3 59. Rxf7+ Rxf7 60. Bxf7 Kxf7 61. Kxg3 Qg1+ 62. Kf3 Qh1+ 63. Ke2 Qxh4 64. Qc7+ Kg8 65. Qc8+ Kg7 66. d5 Qf6 67. Qc7+ Kg8 1-0

[Event "FIDE World Blitz-ch Women 2018"]
[Site "St. Petersburg"]
[Date "2018.12.29"]
[Round "5.32"]
[White "Solozhenkina, Elizaveta"]
[Black "Dordzhieva, Dinara"]
[Result "0-1"]
[WhiteElo "2258"]
[BlackElo "2340"]
[Annotator "NA"]
[PlyCount "112"]
[EventDate "2018.12.19"]
[EventType "swiss"]
[EventCountry "RUS"]
[SourceTitle "playchess.com"]
[Source "ChessBase"]
[SourceQuality "1"]

1. Nf3 d5 2. g3 g6 3. Bg2 Bg7 4. d4 Nf6 5. O-O O-O 6. c3 c5 7. dxc5 a5 8. Be3 Na6 9. Ne1 Qc7 10. Nd3 e5 11. Na3 Bd7 12. Qb3 Be6 13. Nb5 Qd7 14. Nxe5 Qe7 15. Qa3 Rfc8 16. Nd3 Ne4 17. Rad1 Bf8 18. Nd6 Nxd6 19. cxd6 Qxd6 20. Qxd6 Bxd6 21. Nf4 Bxf4 22. Bxf4 Rc5 23. Rd2 a4 24. Be5 Nc7 25. Rfd1 a3 26. b3 h5 27. h4 Rc8 28. Bd4 Rc6 29. Kf1 Nb5 30. Bf6 Nxc3 31. Bxc3 Rxc3 32. Bxd5 Bxd5 33. Rxd5 Rc2 34. R5d2 Kf8 35. Kg2 Ke7 36. Kf3 R8c3+ 37. e3 Ke6 38. Rd6+ Ke7 39. Rd7+ Kf6 40. R7d6+ Kg7 41. R6d2 Rc5 42. Ke2 Kf6 43. Rxc2 Rxc2+ 44. Rd2 Rc1 45. Kd3 Ke5 46. f4+ Kf5 47. Ke2 Kg4 48. Kf2 Rh1 49. Kg2 Rb1 50. Rd5 Rb2+ 51. Kf1 Kf3 52. Ke1 Rxa2 53. Ra5 Kxg3 54. e4 Kxh4 55. e5 Kg3 56. b4 h4 0-1

[Event "FIDE World Blitz-ch Women 2018"]
[Site "St. Petersburg"]
[Date "2018.12.29"]
[Round "5.33"]
[White "Paramzina, Anastasya"]
[Black "Murashova, Ekaterina"]
[Result "1/2-1/2"]
[WhiteElo "2229"]
[BlackElo "2259"]
[Annotator "NA"]
[PlyCount "123"]
[EventDate "2018.12.19"]
[EventType "swiss"]
[EventCountry "RUS"]
[SourceTitle "playchess.com"]
[Source "ChessBase"]
[SourceQuality "1"]

1. e4 c5 2. Nf3 e6 3. b3 d6 4. c4 Nf6 5. Nc3 Nc6 6. d4 cxd4 7. Nxd4 Be7 8. Be2 O-O 9. O-O a6 10. Bb2 Nxd4 11. Qxd4 e5 12. Qd3 Rb8 13. a4 b6 14. Rfd1 Bb7 15. f3 Qc7 16. Ba3 Rfd8 17. Kh1 Rbc8 18. Qe3 Nd7 19. Rac1 Nc5 20. b4 Nb3 21. Nd5 Bxd5 22. Qxb3 Be6 23. Qd3 h6 24. Bf1 Qd7 25. Qb3 b5 26. axb5 axb5 27. Qb2 bxc4 28. b5 Qb7 29. Qb4 Rc5 30. Bxc4 Bxc4 31. Rxc4 Rxb5 32. Qc3 Rb3 33. Qc1 Rb8 34. Rc7 Qa6 35. Rxe7 Qxa3 36. Qc7 Rb1 37. Qc2 Rxd1+ 38. Qxd1 Qa2 39. Rc7 Rb1 40. Rc1 Rb2 41. Qf1 Rf2 42. Qg1 Kh7 43. h3 Rd2 44. Qf1 g6 45. Kg1 Kg7 46. Kh1 d5 47. exd5 Rxd5 48. Qe1 Qb2 49. Kh2 Rd2 50. Qf1 Rxg2+ 51. Qxg2 Qxc1 52. Qe2 Qf4+ 53. Kg2 h5 54. Qd3 h4 55. Kf2 Qg3+ 56. Ke3 Qxh3 57. Qe4 Qf5 58. Qxh4 Qf4+ 59. Qxf4 exf4+ 60. Kxf4 Kf6 61. Kg4 g5 62. f4 1/2-1/2

[Event "FIDE World Blitz-ch Women 2018"]
[Site "St. Petersburg"]
[Date "2018.12.29"]
[Round "5.34"]
[White "Atalik, Ekaterina"]
[Black "Belenkaya, Dina"]
[Result "0-1"]
[WhiteElo "2447"]
[BlackElo "2338"]
[Annotator "NA"]
[PlyCount "76"]
[EventDate "2018.12.19"]
[EventType "swiss"]
[EventCountry "RUS"]
[SourceTitle "playchess.com"]
[Source "ChessBase"]
[SourceQuality "1"]

1. b3 d5 2. Bb2 Nf6 3. e3 g6 4. Nf3 Bg7 5. c4 c6 6. Nc3 O-O 7. Be2 Nbd7 8. d4 Re8 9. O-O Nf8 10. Ne5 Be6 11. f4 a6 12. Qc2 Rc8 13. f5 Bxf5 14. Rxf5 gxf5 15. Qxf5 Ng6 16. Rf1 Qc7 17. g3 Rf8 18. Bd3 Rce8 19. Ne2 Ne4 20. Bxe4 dxe4 21. Qxe4 Nxe5 22. dxe5 Qd7 23. Nf4 f5 24. Qc2 e6 25. Nh5 Rd8 26. Bc3 Qd3 27. Qc1 Qe4 28. Nf6+ Bxf6 29. exf6 Rd3 30. Bd4 e5 31. Bc5 Rxf6 32. Qe1 Rf7 33. Bb6 Rfd7 34. Qb4 Rd1 35. Re1 Qf3 36. Bd4 Rxe1+ 37. Qxe1 exd4 38. exd4 Qe4 0-1

[Event "FIDE World Blitz-ch Women 2018"]
[Site "St. Petersburg"]
[Date "2018.12.29"]
[Round "5.35"]
[White "Styazhkina, Anna"]
[Black "Shvayger, Yuliya"]
[Result "1-0"]
[WhiteElo "2274"]
[BlackElo "2393"]
[Annotator "NA"]
[PlyCount "91"]
[EventDate "2018.12.19"]
[EventType "swiss"]
[EventCountry "RUS"]
[SourceTitle "playchess.com"]
[Source "ChessBase"]
[SourceQuality "1"]

1. e4 c5 2. Nf3 Nc6 3. d4 cxd4 4. Nxd4 e5 5. Nb5 d6 6. N1c3 a6 7. Na3 b5 8. Nd5 Nge7 9. c4 Nxd5 10. exd5 Nd4 11. cxb5 Bd7 12. bxa6 Qa5+ 13. Bd2 Qxd5 14. f3 Be7 15. Bc4 Bh4+ 16. Kf1 Qc6 17. Be3 O-O 18. Rc1 Qb6 19. Nc2 Bf6 20. b3 Bb5 21. Bxb5 Qxb5+ 22. Kf2 Rxa6 23. a4 Qb6 24. Nxd4 exd4 25. Bf4 h6 26. Qd3 Raa8 27. Rhd1 Rab8 28. Rb1 Rfc8 29. Bd2 Qc6 30. Rdc1 Qd7 31. Rxc8+ Rxc8 32. Kg1 Qa7 33. a5 Bg5 34. Bxg5 hxg5 35. Rd1 Qxa5 36. Qxd4 Qb5 37. Qxd6 Qxb3 38. Qd5 Qe3+ 39. Kh1 g6 40. h3 Re8 41. Qb7 Qe2 42. Rb1 Qf2 43. Qb2 Re2 44. Qb8+ Kh7 45. Rg1 Qg3 46. Qxg3 1-0

[Event "FIDE World Blitz-ch Women 2018"]
[Site "St. Petersburg"]
[Date "2018.12.29"]
[Round "5.36"]
[White "Mirzoeva, Elmira"]
[Black "Tomashevskaya, Lidia"]
[Result "1-0"]
[WhiteElo "2281"]
[BlackElo "2123"]
[Annotator "NA"]
[PlyCount "47"]
[EventDate "2018.12.19"]
[EventType "swiss"]
[EventCountry "RUS"]
[SourceTitle "playchess.com"]
[Source "ChessBase"]
[SourceQuality "1"]

1. d4 Nf6 2. Bf4 g6 3. e3 Bg7 4. Nf3 b6 5. Be2 Bb7 6. O-O O-O 7. c4 d6 8. h3 Nbd7 9. Nc3 Re8 10. Bh2 e5 11. d5 a5 12. e4 Nc5 13. Qc2 c6 14. Rfe1 cxd5 15. cxd5 Rc8 16. Bb5 Re7 17. Rad1 Rec7 18. Nxe5 dxe5 19. d6 Ncxe4 20. dxc7 Qxc7 21. Qd3 Nc5 22. Qd6 Qxd6 23. Rxd6 Bf8 24. Rxf6 1-0

[Event "FIDE World Blitz-ch Women 2018"]
[Site "St. Petersburg"]
[Date "2018.12.29"]
[Round "5.37"]
[White "Shafigullina, Zarina"]
[Black "Bivol, Alina"]
[Result "1-0"]
[WhiteElo "2140"]
[BlackElo "2393"]
[Annotator "NA"]
[PlyCount "91"]
[EventDate "2018.12.19"]
[EventType "swiss"]
[EventCountry "RUS"]
[SourceTitle "playchess.com"]
[Source "ChessBase"]
[SourceQuality "1"]

1. d4 Nf6 2. Nf3 g6 3. g3 Bg7 4. Bg2 O-O 5. c4 d6 6. O-O Nc6 7. Nc3 Rb8 8. e4 Bg4 9. Be3 Re8 10. Qd2 Bxf3 11. Bxf3 e5 12. d5 Nd4 13. Bg2 c5 14. dxc6 bxc6 15. Bxd4 exd4 16. Qxd4 Nxe4 17. Qxa7 Nxc3 18. bxc3 c5 19. Rad1 Bxc3 20. Qa3 Bd4 21. Qd3 Qf6 22. a4 Rb4 23. a5 Rb2 24. Rd2 Rxd2 25. Qxd2 Qd8 26. Rb1 Kg7 27. a6 Re7 28. Bb7 Qb8 29. Re1 Be5 30. Qd5 Qa7 31. Qc6 Qb8 32. Rb1 Qa7 33. Qb6 Qxb6 34. Rxb6 Bd4 35. a7 Re2 36. a8=Q Rxf2 37. Kh1 h5 38. Rb1 g5 39. Qe8 h4 40. Qe4 h3 41. Bd5 Rd2 42. Rf1 f6 43. Qe7+ Kh6 44. Be4 Kh5 45. Qh7+ Kg4 46. Bf5# 1-0

[Event "FIDE World Blitz-ch Women 2018"]
[Site "St. Petersburg"]
[Date "2018.12.29"]
[Round "5.38"]
[White "Nakhbayeva, Guliskhan"]
[Black "Utiatskaja Irina (RUS)"]
[Result "1-0"]
[WhiteElo "2371"]
[BlackElo "1918"]
[Annotator "NA"]
[PlyCount "75"]
[EventDate "2018.12.19"]
[EventType "swiss"]
[EventCountry "RUS"]
[SourceTitle "playchess.com"]
[Source "ChessBase"]
[SourceQuality "1"]

1. d4 Nf6 2. c4 g6 3. Nc3 Bg7 4. e4 d6 5. h3 O-O 6. Bg5 c5 7. d5 b5 8. cxb5 a6 9. a4 Qa5 10. Bd2 axb5 11. Bxb5 Ba6 12. Nge2 Bxb5 13. Nxb5 Qb6 14. Nec3 Na6 15. O-O Nd7 16. Qe2 Rfc8 17. Bg5 Kf8 18. Be3 Qb7 19. f4 c4 20. Kh1 Nb4 21. f5 Ne5 22. Bd4 Nbd3 23. Rad1 Qd7 24. b3 cxb3 25. Rxd3 Nxd3 26. Bxg7+ Kxg7 27. Qxd3 b2 28. fxg6 hxg6 29. Qd4+ Kg8 30. Rb1 Rxa4 31. Qxa4 Qb7 32. Qb4 Qb6 33. Qxb2 Qe3 34. Qe2 Qg3 35. Rf1 f6 36. Nd1 Qb3 37. Nd4 Kf7 38. Nxb3 1-0

[Event "FIDE World Blitz-ch Women 2018"]
[Site "St. Petersburg"]
[Date "2018.12.29"]
[Round "5.39"]
[White "Semenova, Elena"]
[Black "Lelekova, Olga"]
[Result "1-0"]
[WhiteElo "2260"]
[BlackElo "2261"]
[Annotator "NA"]
[PlyCount "73"]
[EventDate "2018.12.19"]
[EventType "swiss"]
[EventCountry "RUS"]
[SourceTitle "playchess.com"]
[Source "ChessBase"]
[SourceQuality "1"]

1. e4 c5 2. Nf3 e6 3. c3 Nc6 4. d4 cxd4 5. cxd4 d5 6. e5 Nge7 7. Bd3 Ng6 8. h4 Bb4+ 9. Kf1 Be7 10. g3 Nb4 11. h5 Nxd3 12. Qxd3 Nf8 13. h6 g6 14. Nc3 Nd7 15. Be3 Qb6 16. Kg2 Nb8 17. Bg5 Bf8 18. Rac1 Nc6 19. Na4 Qa5 20. b3 Bd7 21. Nc5 Bxc5 22. Rxc5 Qxa2 23. Rhc1 a6 24. Bf6 Rg8 25. Qc3 Qa3 26. Ra1 Qb4 27. Rxc6 Qxc3 28. Rxc3 Bc6 29. Rac1 Kd7 30. Ng5 Ke8 31. Nxh7 a5 32. Ng5 a4 33. h7 Rf8 34. bxa4 Rxa4 35. Bg7 Rh8 36. Bxh8 Rxd4 37. Bf6 1-0

[Event "FIDE World Blitz-ch Women 2018"]
[Site "St. Petersburg"]
[Date "2018.12.29"]
[Round "5.40"]
[White "Doan, Thi Van Anh"]
[Black "Mammadzada, Gunay"]
[Result "0-1"]
[WhiteElo "1950"]
[BlackElo "2422"]
[Annotator "NA"]
[PlyCount "148"]
[EventDate "2018.12.19"]
[EventType "swiss"]
[EventCountry "RUS"]
[SourceTitle "playchess.com"]
[Source "ChessBase"]
[SourceQuality "1"]

1. d4 d5 2. c4 c6 3. Nf3 Nf6 4. Qc2 dxc4 5. Qxc4 Bg4 6. e3 Nbd7 7. Be2 g6 8. h3 Be6 9. Qc2 Bg7 10. Nc3 Nb6 11. O-O O-O 12. b3 Nfd5 13. Bb2 h6 14. a3 Rc8 15. Ne4 Bf5 16. Bd3 Nd7 17. Rac1 Qb6 18. b4 Rfd8 19. Nc5 Bxd3 20. Qxd3 Nf8 21. Qc2 Qc7 22. Rfd1 g5 23. Nd3 Ng6 24. Nh2 e6 25. Ne1 f5 26. Nef3 Qe7 27. Qe2 Rf8 28. Ne5 Nxe5 29. dxe5 c5 30. bxc5 Rxc5 31. Bd4 Rxc1 32. Rxc1 Qxa3 33. Ra1 Qb3 34. Rxa7 Rc8 35. Ra1 Nc3 36. Qd3 Qb2 37. Bxc3 Qxc3 38. Qf1 Bxe5 39. Rb1 Rc7 40. Nf3 Bf6 41. Qd1 Kg7 42. Qd6 Qc6 43. Qd1 Rd7 44. Qe2 Kg6 45. g4 Qe4 46. Rd1 Rxd1+ 47. Qxd1 fxg4 48. hxg4 Qxg4+ 49. Kf1 Qc4+ 50. Kg2 Qd5 51. Qc2+ Qf5 52. Qb3 Qg4+ 53. Kf1 Qxf3 54. Qxe6 Qf5 55. Qg8+ Bg7 56. Qe8+ Qf7 57. Qe4+ Qf5 58. Qxb7 h5 59. Qc6+ Kh7 60. e4 Qf3 61. Qe8 h4 62. Qe6 h3 63. Qf5+ Qxf5 64. exf5 g4 65. Kg1 Be5 66. Kh1 Kg7 67. f4 gxf3 68. Kg1 Kf6 69. Kh1 Bc3 70. Kg1 Kxf5 71. Kf2 Kg4 72. Kg1 Kf4 73. Kh2 f2 74. Kxh3 f1=Q+ 0-1

[Event "FIDE World Blitz-ch Women 2018"]
[Site "St. Petersburg"]
[Date "2018.12.29"]
[Round "5.41"]
[White "Afonasieva, Anna"]
[Black "Nguyen, Thi Mai Hung"]
[Result "0-1"]
[WhiteElo "2207"]
[BlackElo "2280"]
[Annotator "NA"]
[PlyCount "106"]
[EventDate "2018.12.19"]
[EventType "swiss"]
[EventCountry "RUS"]
[SourceTitle "playchess.com"]
[Source "ChessBase"]
[SourceQuality "1"]

1. d4 d5 2. Nf3 Nf6 3. c4 c6 4. Nc3 e6 5. e3 Nbd7 6. Bd3 Bd6 7. O-O O-O 8. e4 dxc4 9. Bxc4 e5 10. Bg5 Qe7 11. d5 Rd8 12. dxc6 bxc6 13. Qe2 Nc5 14. b4 Ne6 15. a3 Nxg5 16. Nxg5 Rf8 17. Rfd1 h6 18. Nxf7 Rxf7 19. Bxf7+ Kxf7 20. Qc4+ Be6 21. Qxc6 Rd8 22. Nb5 Bb8 23. Rxd8 Qxd8 24. Rc1 Bd7 25. Qb7 Qb6 26. Qxb6 axb6 27. Nc3 b5 28. f3 Ba7+ 29. Kf1 Be3 30. Rd1 Ke6 31. Ke2 Bd4 32. Kd3 Ne8 33. Nd5 Nd6 34. Kc2 Nc4 35. Kb3 Bc6 36. Nc3 Ne3 37. Rd2 Nf1 38. Rd1 Ne3 39. Rd2 Nc4 40. Rd1 Nb6 41. Ne2 Bf2 42. Nc3 g5 43. Rd2 Bd4 44. Rd1 Nc4 45. Ne2 Bb6 46. Ng3 Ne3 47. Rd2 Bd4 48. Nh5 Kf7 49. Ng3 Ke7 50. Re2 Ke6 51. Rd2 Be8 52. Re2 Bf7 53. Rd2 Kf6# 0-1

[Event "FIDE World Blitz-ch Women 2018"]
[Site "St. Petersburg"]
[Date "2018.12.29"]
[Round "5.42"]
[White "Savina, Anastasia"]
[Black "Sirotkina, Nina"]
[Result "1-0"]
[WhiteElo "2334"]
[BlackElo "2188"]
[Annotator "NA"]
[PlyCount "69"]
[EventDate "2018.12.19"]
[EventType "swiss"]
[EventCountry "RUS"]
[SourceTitle "playchess.com"]
[Source "ChessBase"]
[SourceQuality "1"]

1. d4 Nf6 2. c4 e6 3. Nc3 d5 4. cxd5 exd5 5. Bg5 c6 6. e3 Be7 7. Bd3 O-O 8. Qc2 Nbd7 9. Nge2 Re8 10. f3 Nf8 11. O-O g6 12. Bh4 Ne6 13. Rad1 Ng7 14. Bf2 Bf8 15. Kh1 Bf5 16. e4 Be6 17. Bg1 dxe4 18. fxe4 Nfh5 19. d5 cxd5 20. Bb5 Bd7 21. Rxd5 Re7 22. Qd2 Qc7 23. Rxd7 Rxd7 24. Qxd7 Qxd7 25. Bxd7 Rd8 26. Bg4 Rd2 27. Nd5 Rxb2 28. Nef4 Rxa2 29. Nxh5 Nxh5 30. Bxh5 gxh5 31. Nf6+ Kg7 32. Nxh5+ Kg6 33. g4 Bd6 34. h4 a5 35. Rf6# 1-0